|
|
|
|
| LEADER |
01371nam a22002777a 4500 |
| 001 |
37886 |
| 003 |
BD-DhAAL |
| 008 |
220228t2004 bg a|||| b||| 00| 0 ben d |
| 999 |
|
|
|c 43616
|d 43616
|
| 020 |
|
|
|a 9840744798
|
| 040 |
|
|
|a BD-DhAAL
|
| 082 |
|
|
|a 370.95492
|2 23
|
| 100 |
|
|
|a মিয়া, এম. এ. ওহাব
|9 46233
|
| 245 |
|
|
|a শিক্ষাক্রম প্রণয়ন ও মূল্যায়ন /
|c এম. এ. ওহাব মিয়া
|
| 246 |
|
|
|a Shikshakram pranayan O mulyayan
|
| 246 |
|
|
|a Curriculum development and evaluation
|
| 250 |
|
|
|a প্রথম প্রকাশ
|
| 260 |
|
|
|a ঢাকা :
|b বাংলা একাডেমী,
|c ২০০৪.
|
| 300 |
|
|
|a [দশ], ২৩৫ পৃষ্ঠা :
|b চার্ট ;
|c ২২ সে.মি.
|
| 504 |
|
|
|a গ্রন্থপঞ্জিগত নির্দেশিকা (পৃষ্ঠা [২৩০]-২৩৫) অন্তর্ভুক্ত।
|
| 526 |
|
|
|a BIED
|
| 541 |
|
|
|a Complimentary copy from BIED
|e 37886
|
| 650 |
|
|
|a Education
|z Bangladesh.
|9 46234
|
| 852 |
|
|
|a Ayesha Abed Library
|c BIED Collection
|
| 942 |
|
|
|2 ddc
|c BK
|
| 952 |
|
|
|0 0
|1 0
|2 ddc
|4 0
|6 370_954920000000000_MIA
|7 0
|9 69935
|a BRACUL
|b BRACUL
|c GEN
|d 2022-02-28
|e Complimentary copy from BIED
|l 0
|o 370.95492 MIA
|p 3010037886
|r 2022-02-28
|t 1
|w 2022-02-28
|y BK
|x Transferred from BIED to General Stacks
|